[Event "British Universities-ch"]
[Site "Chess.com INT"]
[Date "2022.03.05"]
[Round "8.4"]
[White "Mohan, Meghana"]
[Black "Gissop, Andrew"]
[Result "0-1"]
[WhiteElo "1163"]
[BlackElo "1607"]
[PlyCount "58"]
[EventDate "2022.03.05"]
[EventType "swiss"]
[EventRounds "9"]
[EventCountry "ENG"]
[SourceTitle "EXT 2023"]
[Source "ChessBase"]
[SourceDate "2022.10.05"]
[SourceVersion "1"]
[SourceVersionDate "2022.10.05"]
[SourceQuality "1"]
[WhiteTeam "Warwick (Pawns) VI"]
[BlackTeam "Warwick (Kings) II"]
[WhiteTeamCountry "ENG"]
[BlackTeamCountry "ENG"]

1. d4 Nf6 2. c4 g6 3. Nc3 Bg7 4. e4 d6 5. Bg5 0-0 6. f3 Re8 7. Qd2 e5 8. d5 c5 9. Be2 Nbd7 10. g4 a6 11. h4 b5 12. h5 bxc4 13. Bxc4 Qb6 14. Be2 Rb8 15. f4 Qxb2 16. Qxb2 Rxb2 17. f5 h6 18. Bxf6 Nxf6 19. fxg6 fxg6 20. hxg6 Bxg4 21. Nf3 Reb8 22. Na4 Rb1+ 23. Rxb1 Rxb1+ 24. Bd1 Bxf3 25. Rf1 Rxd1+ 26. Kf2 Rxf1+ 27. Kxf1 Bxe4 28. Nb6 Bxg6 29. Ke1 h5 0-1